General Culture- 1- Geography - Statistics

General Stats
  • This quiz has been taken 1,238 times
  • The average score is 7 of 10
Answer Stats
Question Answer % Correct
What is the smallest country in the world? Vatican City
89%
Which is the only vowel not used as the first letter in a US State? E
86%
What is the largest country in the world? Russia
82%
What is the hottest continent on Earth? Africa
77%
What is the capital of Chile? Santiago
77%
Alberta is a province of which country? Canada
62%
How many countries still have the shilling as currency? Four (Kenya, Uganda, Tanzania and Somalia)
58%
Where would you find the River Thames? London, UK
56%
What is the longest river in the world? River Nile
53%
What is the highest mountain in Britain? Ben Nevis
18%
No matching quizzes found
Score Distribution
Percent of People with Each Score
Percentile by Number Answered
Your Score History
You have not taken this quiz